000 00561 a2200169 4500
000 BKB
001 070717
005 20200902150855.0
008
082 _a516.36
_bB45G
100 1 _aBerger, Marcel
245 1 _aGeometry revealed
_cby Marcel Berger
260 _aNew York
_bSpringer
_c2010
300 _a831p.
690 _aGeometry, Differential; Geometry; Mathematics; Combinatorial analysis; Differentiable dynamical systems; Discrete groups; Global differential geometry
964 _a
_bENG
_c
_d
_e
_f
_g
999 _c4145
_d4145